In working order: a study of industrial discipline (Record no. 500666)

000 -LEADER
fixed length control field 00391cam a22001097a 4500
008 - FIXED-LENGTH DATA ELEMENTS--GENERAL INFORMATION
fixed length control field 180718b1973 xxu||||| |||| 00| 0 eng d
082 ## - DEWEY DECIMAL CLASSIFICATION NUMBER
Classification number K63x42 Un3/6
245 ## - TITLE STATEMENT
Title In working order: a study of industrial discipline
Statement of responsibility, etc. by Department of Employment, United Kingdom
260 ## - PUBLICATION, DISTRIBUTION, ETC.
Place of publication, distribution, etc. London
Name of publisher, distributor, etc. Her Majesty's Stationery Office
Date of publication, distribution, etc. 1973
300 ## - PHYSICAL DESCRIPTION
Extent 68+p.
700 ## - ADDED ENTRY--PERSONAL NAME
Personal name United Kingdom. Department of Employment
Holdings
Withdrawn status Lost status Damaged status Not for loan Permanent Location Current Location Date acquired Full call number Barcode Date last seen Price effective from Koha item type
        Indian Institute of Public Administration Indian Institute of Public Administration 2018-08-04 K63x42 Un3/6 G12095 2018-08-04 2018-08-04 G

Powered by Koha